Cerebro y drogas (Registro nro. 9809)
[ vista simple ]
| 000 -Cabecera | |
|---|---|
| Campo de control de longitud fija | 00720nam a22003017a 4500 |
| 005 - Fecha y hora de la última transacción | |
| Campo de control | 20250718152343.0 |
| 008 - Elementos de longitud fija--Información general | |
| Campo de control de longitud fija | 170828b2013 xxu||||| |||| 00| 0 spa d |
| 020 ## - International Standard Book Number | |
| Número Internacional Estándar del Libro (ISBN) | 9786074483338 |
| 041 ## - Idioma | |
| Código de idioma | Español |
| 082 ## - Clasificación Decimal Dewey | |
| Número de clasificación | 362.299 G643c |
| 100 ## - Entrada principal--Autor personal | |
| Nombre personal | González Garrido, Andrés |
| 9 (RLIN) | 44002 |
| 245 ## - Título propiamente dicho | |
| Título | Cerebro y drogas |
| 260 ## - Pie de imprenta | |
| Lugar de publicación, distribución, etc. | México |
| 260 ## - Pie de imprenta | |
| Nombre del editor, distribuidor, etc. | Manual Moderno |
| 260 ## - Pie de imprenta | |
| Fecha de publicación, distribución, etc. | 2013 |
| 300 ## - Descripción física | |
| Extensión | 196 páginas |
| 490 ## - Serie | |
| Título de la Serie | Temática General |
| 650 ## - Materia general | |
| Temática (materia general) | DROGAS |
| 650 ## - Materia general | |
| Temática (materia general) | CEREBRO |
| 650 ## - Materia general | |
| Temática (materia general) | ADICIONES |
| 650 ## - Materia general | |
| Temática (materia general) | CONDUCTA ADICTIVA |
| 650 ## - Materia general | |
| Temática (materia general) | EFECTO PRENATAL |
| 650 ## - Materia general | |
| Temática (materia general) | ALCOHOLISMO |
| 650 ## - Materia general | |
| Temática (materia general) | TABAQUISMO |
| 650 ## - Materia general | |
| Temática (materia general) | DROGAS PSICOESTIMULANTES |
| 650 ## - Materia general | |
| Temática (materia general) | SUCIDIO |
| 942 ## - Punto de acceso adicional KOHA | |
| Tipo de ítem KOHA | Libro |
| Fuente del sistema de clasificación o colocación | Dewey Decimal Classification |
| Signatura completa | Código de barras | Tipo de ítem |
|---|---|---|
| 362.299 G643c | 22587 | Libro |